| 000 | 00368nam a2200145Ia 4500 | ||
|---|---|---|---|
| 008 | 240624s9999 xx 000 0 und d | ||
| 041 | _aeng | ||
| 082 | _a658.4038011 RAL | ||
| 100 | _aMCNURLIN BARBARA | ||
| 245 | _aINFORMATION SYSTEMS MANAGEMENT IN PRACTI | ||
| 250 | _a(8th ed.) | ||
| 260 |
_c2009 _aPractice _bPrentice Hall |
||
| 300 | _a640 : p. | ||
| 365 |
_c _b30 |
||
| 999 |
_c15054 _d15054 |
||